000 00296nam a22001337a 4500
008 171010b xxu||||| |||| 00| 0 eng d
020 _a9780415900591
041 _aeng
080 _a316
100 _a50
101 _aSOC
245 _aFEMINISM. POSTMODERNISM
_cNICHOLSON.L.J
942 _2udc
_cBK
999 _c32862
_d32862